Việt sử những bất ngờ lí thú
Sách giới thiệu gần 30 câu chuyện lịch sử rất lý thú, nhưng lại ít được ghi vào chính sử.
Spremljeno u:
| Glavni autor: | |
|---|---|
| Format: | Knjiga |
| Jezik: | Vietnamese |
| Izdano: |
H.
Văn hóa thông tin
2013
|
| Teme: | |
| Oznake: |
Dodaj oznaku
Bez oznaka, Budi prvi tko označuje ovaj zapis!
|
| Thư viện lưu trữ: | Thư viện Trường Đại học Nam Cần Thơ |
|---|
| LEADER | 00833nam a22001937a 4500 | ||
|---|---|---|---|
| 001 | NCT_54900 | ||
| 008 | 181105b xxu||||| |||| 00| 0 vie d | ||
| 999 | |c 2640 |d 2640 | ||
| 020 | |c 82000 | ||
| 082 | 0 | 4 | |2 23rd ed. |a 959.7 |b D513 |
| 100 | 1 | |a Lê Thái Dũng | |
| 245 | 1 | 0 | |a Việt sử những bất ngờ lí thú |c Lê Thái Dũng |
| 260 | |a H. |b Văn hóa thông tin |c 2013 | ||
| 300 | |a 328 tr. |c 21cm | ||
| 520 | 3 | |a Sách giới thiệu gần 30 câu chuyện lịch sử rất lý thú, nhưng lại ít được ghi vào chính sử. | |
| 653 | |a Tham khảo | ||
| 942 | |2 ddc |c BK | ||
| 952 | |0 0 |1 0 |2 ddc |4 0 |6 959_700000000000000_D513 |7 0 |9 14814 |a 000001 |b 000001 |d 2018-11-05 |o 959.7 D513 |p TK.00478 |r 2018-11-05 |v 82000.00 |w 2018-11-05 |y BK | ||
| 980 | |a Thư viện Trường Đại học Nam Cần Thơ | ||